| 000 | 00407nam a2200121 a 4500 | ||
|---|---|---|---|
| 001 | 000038406 | ||
| 005 | 20201002031243.0 | ||
| 008 | 130411s1994 dr 000 0 spa d | ||
| 040 |
_aDO-SdBNP _bspa _cBNPHU |
||
| 245 | 0 | 0 |
_aCompendio de leyes / _cSecretarÃa de Estado de Finanzas. |
| 260 |
_aSanto Domingo : _bSecretarÃa de Estado de Finanzas _bSuperintendencia de Seguros, _c1994. |
||
| 300 |
_a99 p. : ; _c20 cm. |
||
| 999 |
_c37896 _d37896 |
||